000 01178nam a2200301Ia 4500
001 ebr10427640
003 CaPaEBR
006 m u
007 cr cn|||||||||
008 081202s2009 enka s 001 0 eng d
020 _z1855394464 (pbk.) :
020 _z9781855394469 (pbk.) :
040 _aCaPaEBR
_cCaPaEBR
035 _a(OCoLC)676695881
050 1 4 _aPN3171
_b.D65 2009eb
082 0 4 _a372.1399
_222
100 1 _aDonbavand, Tommy.
245 1 0 _aMaking a drama out of a crisis
_h[electronic resource] :
_bimproving classroom behaviour through drama techniques and exercises /
_cTommy Donbavand.
260 _a[London] :
_bNetwork Continuum,
_cc2009.
300 _a154 p. :
_bill.
500 _aIncludes index.
533 _aElectronic reproduction.
_bPalo Alto, Calif. :
_cebrary,
_d2011.
_nAvailable via World Wide Web.
_nAccess may be limited to ebrary affiliated libraries.
650 0 _aClassroom management.
650 0 _aDrama in education.
655 7 _aElectronic books.
_2local
710 2 _aebrary, Inc.
856 4 0 _uhttp://site.ebrary.com/lib/rucke/Doc?id=10427640
_zAn electronic book accessible through the World Wide Web; click to view
999 _c144253
_d144253